Sports Quiz

Random Sports or Football Quiz

Premier League Goalscorers by Surname Length Quiz Stats

 Plays Quiz Updated Jun 18, 2018

Score 0/70 Timer 10:00
2 Plays Today
Goals Player % Correct
6 lettersWayne Rooney
77.5%
7 lettersAlan Shearer
76.6%
5 lettersThierry Henry
73.3%
7 lettersFrank Lampard
69.5%
6 lettersSergio Agüero
67.6%
4 lettersAndrew Cole
66.5%
7 lettersSteven Gerrard
65.3%
4 lettersHarry Kane
64.7%
6 lettersDidier Drogba
60.6%
4 lettersCarlton Cole
59.3%
4 lettersMichael Owen
57.6%
5 lettersRyan Giggs
57%
7 lettersPaul Scholes
55.3%
9 lettersRobin van Persie
53.7%
7 lettersCristiano Ronaldo
51.4%
6 lettersRobbie Fowler
50.9%
8 lettersDennis Bergkamp
50.6%
5 lettersDwight Yorke
50.4%
10 lettersTeddy Sheringham
48.2%
5 lettersJermain Defoe
46.7%
5 lettersRobbie Keane
44.5%
6 lettersIan Wright
42.2%
9 lettersOle Gunnar Solskjaer
40.5%
7 lettersEric Cantona
37.7%
9 lettersLes Ferdinand
37.6%
6 lettersPeter Crouch
37%
4 lettersGianfranco Zola
36.2%
5 lettersJamie Vardy
35.8%
4 lettersDarren Bent
34.2%
6 lettersEmile Heskey
33.6%
6 lettersRomelu Lukaku
33%
6 lettersNicolas Anelka
32.8%
8 lettersDimitar Berbatov
32.4%
5 lettersCarlos Tévez
32.1%
7 lettersChristian Benteke
29.8%
Goals Player % Correct
9 lettersMatt Le Tissier
28.4%
6 lettersDion Dublin
28.3%
8 lettersKevin Phillips
27.4%
8 lettersEmmanuel Adebayor
26%
4 lettersNwankwo Kanu
24.9%
9 lettersDaniel Sturridge
20.6%
8 lettersDuncan Ferguson
20.6%
4 lettersLouis Saha
20.5%
9 lettersFreddie Ljungberg
20.2%
7 lettersTheo Walcott
19.4%
7 lettersCraig Bellamy
18.2%
10 lettersGabriel Agbonlahor
17%
10 lettersEiður Guðjohnsen
16.4%
8 lettersCesc Fàbregas
16.1%
5 lettersGary Speed
15.6%
8 lettersKevin Campbell
14.9%
7 lettersJames Beattie
14.2%
4 lettersDirk Kuyt
13.7%
4 lettersDamien Duff
13.2%
5 lettersKevin Nolan
13.1%
10 lettersGylfi Sigurdsson
12.5%
9 lettersStan Collymore
12.4%
9 lettersPeter Beardsley
11.3%
8 lettersSteven Fletcher
9.7%
5 lettersBrian Deane
9.6%
8 lettersPaulo Wanchope
8.9%
9 lettersChris Armstrong
7.5%
10 lettersDean Holdsworth
5.4%
10 lettersMarko Arnautović
5.2%
8 lettersTrevor Sinclair
5%
10 lettersGary McAllister
4.9%
10 lettersPeter Odemwingie
4.2%
9 lettersKevin Gallacher
4.1%
10 lettersSteed Malbranque
2.8%
10 lettersNeil Shipperley
2.6%

You're not logged in!

Compare scores with friends on all Sporcle quizzes.
OR
Log In

Show Comments

Extras

Top Quizzes Today


Score Distribution

Your Account Isn't Verified!

In order to create a playlist on Sporcle, you need to verify the email address you used during registration. Go to your Sporcle Settings to finish the process.

Report this User

Report this user for behavior that violates our Community Guidelines.

Details: